| 000 | 004820000a22001930004500 | ||
|---|---|---|---|
| 001 | 002596 | ||
| 003 | MACL | ||
| 005 | 20150916124110.0 | ||
| 008 | 150916b xxu||||| |||| 00| 0 eng d | ||
| 040 |
_aMACL _cMACL |
||
| 041 | _aEnglish | ||
| 082 | _a823/PRI | ||
| 100 |
_aGorowara, Krishna _911542 |
||
| 245 |
_aAmrita Pritam _bA Statement of Agony _cKrishna Gorowara |
||
| 260 |
_aNew Delhi, _c1997 _bShilalekh |
||
| 350 | _a90 | ||
| 650 |
_aFiction _911543 |
||
| 942 |
_k823 _cBK _2ddc |
||
| 999 |
_c14505 _d14505 |
||